000 01152nam a22002892 4500
001 0000013197
005 20151217152123.0
008 090621s xx 000 0 eng d
020 _a0863555862 :
040 _aKABU
_cKABU
245 1 0 _aUnder the tree talking :
_bleadership for change in Africa /
_cedited and with an introduction by Onyekachi Wambu; foreward by John Githongo.
250 _a1st ed.
260 _aLondon :
_bCounterpoint,
_c2007.
300 _a291 p.
610 2 0 _aAfrica
_xHistory
_y21st Century.
_@0000170348
650 0 _aLeadership
_zAfrica.
_@0000170353
700 1 _aWambu, Onyekachi.
_@0000170354
852 1 _9p500 KES
852 1 _9p500 KES
852 1 _9p500 KES
852 1 _9p500 KES
852 1 _9p500 KES
852 1 _9p500 KES
852 1 _9p1600 KES
908 _a090621
950 _@1
999 _c8482
_d8482